000 01099nam a22002657a 4500
001 BD-DhSAU
003 BD-DhSAU
005 20250722155119.0
008 150420b2005 bg ||||| m||| 00| 0 eng d
040 _aBD-DhSAU
082 _222
_a634.99
_bIm8
100 _aIMTIAZ, SAFI
_eRegistration No. # 15-06402
245 _aProduction of tomato using soilless planting media on rooftop /
_bMS thesis
260 _aSher-e-Bangla Agricultural University:
_bDepartment of Agroforestry and Environmental Science,
_c2022.
300 _aviii, 65p. ;
_c30 cm.
500 _aMS thesis of Department of Agroforestry and Environmental Science, Faculty of Agriculture, Sher-e-Bangla Agricultural University, Dhaka, Bangladesh
504 _aIncludes bibliographical reference.
590 _aNazmul
650 _atomato using soilless
651 _aplanting media on rooftop
700 _aProf. Dr. Ferzana Islam
_eSuperviser
700 _aProf. Dr. Jubayer-Al-Mahmud
_eCo-superviser
856 _uhttp://archive.saulibrary.edu.bd:8080/xmlui/handle/123456789/5285
942 _2ddc
_cTHESIS
999 _c17652
_d17651